Rozpoznaj Rapera Po Hicie |Część 3| 2019/2020 - Statystyki

Ogólne statystyki
  • Ten quiz został rozwiązany 125 razy
  • Średni wynik to 6 z 9
Statystyki odpowiedzi
PIOSENKA RAPER % Poprawnych
MAMALE MASNO | HELLFIELD
100%
OMAMA MASNO
90%
GANG MASNO
89%
BANIA MASNO
83%
PRZYPAŁ MASNO
75%
ŁAPY MASNO
75%
KLUB MASNO
73%
WIELKI RAP BATTLE MASNY OLO | MIXER
28%
KRÓL DON KASJO
11%
Nie znaleziono quizów pasujących do podanych kryteriów
Rozkład punktacji
Procent ludzi z każdym wynikiem
Percentyl według liczby udzielonych odpowiedzi
Twoja historia wyników
Nie rozwiązałeś tego quizu